Paroles La Perfection C'est Moi - Oliver et Compagnie - Statistiques

Statistiques générales
  • Ce quiz a été pris 5 fois
  • Le résultat moyen est 120 sur 167
Statistiques - réponses
Paroles % Correct
à
100%
ce
100%
c'est
100%
C'est
100%
comme
100%
de
100%
des
100%
du
100%
Je
100%
je
100%
la
100%
La
100%
là,
100%
100%
le
100%
ma
100%
Ma
100%
Mais
100%
mais
100%
moi.
100%
moi,
100%
Moi.
100%
Pas
100%
pas
100%
pas ?
100%
pour
100%
tu
100%
Tu
100%
art
75%
ça
75%
dodo,
75%
Georgette En
75%
en
75%
et
75%
faire
75%
fais
75%
Fais
75%
Il
75%
l'art,
75%
l'eau,
75%
les
75%
l'humanité.
75%
mes
75%
n'es
75%
n'est-ce
75%
Parfois
75%
peau
75%
peinture
75%
perfection
75%
pose,
75%
poses,
75%
prends
75%
prix,
75%
Quand
75%
que
75%
qui
75%
sortant
75%
tout
75%
Un
75%
un
75%
vanité,
75%
vie.
75%
vois
75%
beaucoup
50%
beauté,
50%
beauté.
50%
chérie
50%
cité,
50%
classe
50%
crois.
50%
d'atteindre
50%
dos.
50%
entier
50%
essaierez
50%
Faut
50%
foule
50%
grand
50%
Laisse
50%
lui
50%
m'aimez,
50%
masses,
50%
mignonnes
50%
monde
50%
n'a
50%
os
50%
passe,
50%
petits.
50%
peu
50%
pitié.
50%
pourquoi
50%
quoi ?
50%
ringards,
50%
Si
50%
suis
50%
toi
50%
tomber
50%
tourner
50%
Toute
50%
toute
50%
Vise
50%
voudrait,
50%
Vous,
50%
vous
50%
vous,
50%
Vous
50%
y
50%
acquiesce
25%
dure,
25%
égale,
25%
hop
25%
j'aurai
25%
ouais.
25%
pure
25%
rivale,
25%
Sans
25%
sans
25%
show,
25%
t'enseigne
25%
ton
25%
L'affection,
0%
la la la la.
0%
pavasses.
0%
Aucun quiz correspondant
Distribution des résultats
% des personnes avec chaque résultat
Percentile par nombre de réponses
Votre historique - résultats
Vous n’avez pas pris ce quiz